000
00289 a2200145 4500
001
64075
040
_c
Anchieta - Pituba
100
_a
Kahn, James
240
1
0
_a
Os goonies
_l
por
245
1
0
_a
Os goonies
300
_a
240
362
0
_a
2012
650
4
_a
Literatura juvenil
942
_c
BK
999
_c
64075
_d
64075